[Event "Rilton Cup 34th"]
[Site "Stockholm"]
[Date "2005.01.03"]
[Round "7"]
[White "Volkov, Sergey"]
[Black "Hermansson, Emil"]
[Result "1/2-1/2"]
[WhiteElo "2628"]
[BlackElo "2414"]
[Annotator "Aagaard,J"]
[PlyCount "172"]
[EventDate "2004.12.27"]
[EventType "swiss"]
[EventRounds "9"]
[EventCountry "SWE"]
[SourceTitle "CBM 104 Extra"]
[Source "ChessBase"]
[SourceDate "2005.03.01"]
[SourceVersion "1"]
[SourceVersionDate "2005.03.01"]
[SourceQuality "1"]

{Hermansson was surely heading towards the GM-norm when he won a pawn against
the nr. 1 seed Russian Volkov, but one of the defining differences between the
east and the west in chess has always been that close to all Russian's have
studied the endgame and have a good technique. This comes from having trainers
and some kind of organised training systems in the Soviet days. There is still
a tradition that when strong players feel they are over the hill, they
consider taking a pupil.  In the west however we have always been on our own,
or autodidact as it is called with a fancy word. This means that our way of
learning chess has been less organised and often also poorer. Especially when
it comes to the tediousness of the endgame. This is also the case for
Hermansson, who has played the opening very well and won a pawn. Now however
it is time to convert this into a full point.} 1. d4 Nf6 2. c4 g6 3. Nc3 d5 4.
Nf3 Bg7 5. Bg5 dxc4 6. e3 Be6 7. Be2 c5 8. Qa4+ Qd7 9. Qa3 cxd4 10. Nxd4 Nc6
11. Nxc6 Qxc6 12. Bf3 Qb6 13. O-O h6 14. Bf4 O-O 15. Be5 Rfe8 16. Bd4 Qc7 17.
Rfd1 Bg4 18. Nb5 Qc8 19. Bxg4 Nxg4 20. Bxg7 Kxg7 21. Qc3+ Kg8 22. Rd4 Qf5 23.
Rf4 Qxb5 24. Rxg4 Rac8 25. Rc1 Red8 26. h3 Rd3 27. Qc2 Rc6 28. Rxc4 Rxc4 29.
Qxc4 Qxb2 30. Rc2 Rd1+ 31. Kh2 Qe5+ 32. g3 Kg7 33. Kg2 b6 {This move looks
pretty harmess, but from a technical point of view it is a mistake. Black
wishes to exchange queens and go for a rook endgame a pawn up, which is the
correct plan. However it should happen under the best possible conditions.} (
33... g5 $5 {followed by the exchange of queens would be nice, but
unfortunately White has time to play} 34. h4 $1 {to exchange his weak h-pawn.})
({However} 33... b5 $5 34. Qc6 b4 {looks even stronger. Black wants to play
Rd1-d3-a3 and a7-a5. This position will be impossible for White to hold,
queens or no queens.}) 34. h4 $1 Qd5+ 35. Qxd5 Rxd5 36. a4 $5 {Usually White
would not want to advance his weakness like this, but the endgame should be
lost, so he is trying to play for exchanges.} Rc5 (36... e5 $1 {was a very
strong move. The key idea is 37...Ra5 38.Rc4 Rc5 when White only has the
clumsy b4 at his disposal. Next comes a king march to the centre.}) 37. Rd2 Kf6
38. Kf3 Rc4 $2 {This is definitely not good technique. Black should first
improve the position of his king and only then look for a good moment to force
events. Now Black forces White to enter the only line of counterplay that
exists. After} (38... e5 $1 {preventing Rd4 followed by a king march to d5/c6
I am sure Black would win. Note that White only has} 39. Rb2 {if he does not
want to lose instantly. One of the most important elements of good technique
in winning position is to prevent counterplay. Here Black could have continued
with this with} h5 {before teking the king to the queenside.}) 39. a5 $1 {
White was hoping for nothing else but this.} bxa5 40. Rd7 a6 41. Rd5 Ke6 {
It is not easy to decide what pawn to let go of.} ({Still I would probably
have found time for} 41... h5 $5 {to reduce the White counterplay on the
kingside. However now Kf3-f4-g5-h6-g7 becomes an issue. Maybe the position is
in the realms of a draw already? I believe so.}) 42. Rxa5 Rc6 43. h5 Kd7 (43...
g5 {was the last winning try, but I no longer believe confidently in a White
win.}) 44. hxg6 {Now the Black pawns are divided, and therefore easier to
attack. White should be able to use this to create enough counterplay to make
a draw. Still after 44...fxg6 there might be some practical chances. After the
recapture with the rook the h-pawn is isolated and represents a serious
liability to Black.} Rxg6 $6 {The rest of the endgame is still interesting,
but it did not seem to ever give Black real winning chances again. Therefore
we stop here. Black drew on move 86.} 45. e4 Kc7 46. Ra1 Kb6 47. Rb1+ Ka7 48.
Ra1 Rc6 49. e5 Rc4 50. Ke3 Rb4 51. f4 Rb3+ 52. Kf2 e6 53. g4 Rb7 54. Ke3 Kb6
55. Rb1+ Kc6 56. Rc1+ Kd7 57. Rd1+ Ke7 58. Ra1 Ra7 59. Ra5 Kd7 60. Kd4 Kc6 61.
f5 Kb6 62. Ra1 a5 63. Rb1+ Kc6 64. Rc1+ Kd7 65. fxe6+ Kxe6 66. Rc6+ Ke7 67. Kc3
a4 68. Kb2 Ra5 69. Rxh6 Rxe5 70. Ra6 Re4 71. g5 Rg4 72. Ra5 Kf8 73. Kc2 Kg7 74.
Kd2 Kg6 75. Ke3 Rg3+ 76. Kf4 Ra3 77. Ra6+ Kg7 78. Kg4 Ra1 79. Kg3 a3 80. Kg2 a2
81. Kh2 Kf8 82. Ra7 Ke8 83. Kg2 Kd8 84. g6 fxg6 85. Ra3 Ke7 86. Ra8 Kf6 1/2-1/2

[Event "Czerniak Memorial 15th"]
[Site "Tel Aviv"]
[Date "1999.03.29"]
[Round "2"]
[White "Alterman, Boris"]
[Black "Greenfeld, Alon"]
[Result "1/2-1/2"]
[WhiteElo "2615"]
[BlackElo "2520"]
[Annotator "Alterman,B"]
[PlyCount "49"]
[EventDate "1999.03.??"]
[EventType "tourn"]
[EventRounds "9"]
[EventCountry "ISR"]
[EventCategory "10"]
[SourceTitle "CBM 071"]
[Source "ChessBase"]
[SourceDate "1999.08.01"]
[SourceVersion "1"]
[SourceVersionDate "1999.08.01"]
[SourceQuality "1"]

1. d4 Nf6 2. c4 g6 3. Nc3 d5 4. Nf3 Bg7 5. Bg5 Ne4 6. Bh4 Nxc3 7. bxc3 dxc4 8.
Qa4+ Qd7 9. Qxc4 b6 10. e3 Ba6 (10... O-O 11. Qb3 Nc6 12. Bb5 a6 13. Be2 e5 14.
Bg3 Re8 15. O-O Bb7 16. Rfd1 e4 17. Nd2 Ne7 18. a4 Nf5 19. Bf4 Qe7 20. Qa3 Qd8
21. c4 g5 22. Bg3 Nxg3 23. hxg3 f5 24. c5 Kh8 25. Qb3 $13 {0-1 Grivas,E-Liss,E/
Budapest FS10 GM 1993/CBM 38 (41)}) 11. Qb3 Bxf1 12. Rxf1 Nc6 (12... c5 13. Ke2
cxd4 (13... O-O 14. dxc5 Na6 15. Rfd1 Qc7 16. cxb6 axb6 17. Bg3 Qxc3 18. Qxc3
Bxc3 19. Rac1 {1/2-1/2 Ibragimov,I-Volzhin,A/Ubeda op 1996/EXP 51}) 14. cxd4
O-O 15. Rfd1 Nc6 16. Rac1 Rac8 17. Qb5 e6 18. Kf1 Qb7 19. Nd2 {1/2-1/2 Vilela,
J-Spiridonov,N/Rubinstein mem 1982/MCD-r8}) 13. Ke2 e5 $1 {[%mdl 52] The best
move. Black immediately attacks white centre and opens the position for his
bishop.} (13... O-O 14. Rfd1 Rfc8 15. Rac1 Na5 16. Qb4 c5 17. dxc5 Qe6 18. cxb6
axb6 19. Kf1 Qxa2 20. Qxe7 Nb3 21. Rb1 Bxc3 $11 {1/2-1/2 Maksimenko,A-Huzman,A/
Vrnjacka Banja 1991/CBM 23 (48)}) 14. dxe5 (14. Bg3 Na5 15. Qb4 e4 16. Nd2 (16.
Ne5 Bxe5) 16... c5 $36 {[%cal Yd7d3]}) 14... O-O $5 (14... Nxe5 15. Rfd1 Qc6
16. Nxe5 (16. Qb4 Qc4+ 17. Qxc4 Nxc4 $11) 16... Bxe5 17. Qd5 Qxd5 18. Rxd5 Bd6
19. Bg3 Kd7 20. Rad1 Rhd8 21. Bxd6 Kc6 $11) 15. Rfd1 (15. Bg3 Rae8 16. Rfd1 Qf5
) 15... Qf5 (15... Qg4 16. h3 Qxg2 17. e6 $36 Na5) 16. Bg3 (16. e6 fxe6 17. Rd7
Na5 $15) 16... Nxe5 17. Bxe5 Bxe5 18. Rd5 Rae8 19. Rad1 Qf6 $11 20. Nxe5 Rxe5
21. Rxe5 Qxe5 22. h3 Re8 23. Qa4 Kg7 24. Qd4 (24. Rd7 $2 Qxc3) 24... Qf6 25.
Qxf6+ 1/2-1/2

[Event "Linares 09th"]
[Site "Linares"]
[Date "1991.??.??"]
[Round "6"]
[White "Beliavsky, Alexander G"]
[Black "Ivanchuk, Vassily"]
[Result "1/2-1/2"]
[WhiteElo "2640"]
[BlackElo "2695"]
[Annotator "Anand,V"]
[PlyCount "49"]
[EventDate "1991.02.??"]
[EventType "tourn"]
[EventRounds "13"]
[EventCountry "ESP"]
[EventCategory "17"]
[SourceTitle "CBM 022"]
[Source "ChessBase"]
[SourceDate "1991.06.01"]
[SourceVersion "1"]
[SourceVersionDate "1991.06.01"]
[SourceQuality "1"]

1. d4 {Ftacnik} Nf6 2. c4 g6 3. Nc3 d5 4. Nf3 Bg7 5. Bg5 Ne4 6. Bh4 Nxc3 7.
bxc3 dxc4 8. Qa4+ (8. e3 b5 $5) (8. e3 $5 {Ftacnik}) 8... Qd7 9. Qxc4 b6 10. e3
Ba6 11. Qb3 Bxf1 12. Kxf1 Nc6 $1 (12... O-O 13. Ke2 $14) 13. Ke2 Na5 14. Qb4 e6
{Threatening Bf8 so white doesn't have much choice} 15. Ne5 Qd6 16. Bg3 O-O $1
{Black loses a pawn but has enough play for the pawn} 17. Nxg6 (17. Nxf7 Qd5
$15) 17... Qxb4 18. cxb4 hxg6 19. bxa5 (19. Rac1 Nb7 (19... c5 20. dxc5 $44)
20. Rxc7 Nd8 {White may have enough for the piece but certainly not more})
19... c5 20. Be5 (20. Rhd1 {Ftacnik} cxd4 21. exd4 Rfc8 $132) 20... cxd4 21.
Bxd4 (21. exd4 {Ftacnik} Rfd8 22. Rhd1 Rd5 $10) 21... Bxd4 22. exd4 Rfd8 23.
Ke3 Rd5 $1 $10 24. axb6 axb6 25. Rhb1 (25. Rhb1 {Ftacnik} b5 26. Rb3 Ra4 $10)
1/2-1/2

[Event "Panormo zt"]
[Site "Panormo"]
[Date "1998.11.01"]
[Round "9"]
[White "Mchedlishvili, Mikheil"]
[Black "Atalik, Suat"]
[Result "1/2-1/2"]
[WhiteElo "2390"]
[BlackElo "2585"]
[Annotator "Atalik,S"]
[PlyCount "88"]
[EventDate "1998.10.24"]
[EventType "swiss"]
[EventRounds "11"]
[EventCountry "GRE"]
[SourceTitle "EXT 2002"]
[Source "ChessBase"]
[SourceDate "2001.11.25"]
[SourceVersion "1"]
[SourceVersionDate "2001.11.25"]
[SourceQuality "1"]

1. d4 Nf6 2. Nf3 g6 3. c4 Bg7 4. Nc3 d5 5. Bg5 Ne4 6. cxd5 Nxg5 7. Nxg5 e6 8.
Qd2 exd5 9. Qe3+ Kf8 10. Qf4 Bf6 11. h4 h6 12. Nf3 Be6 13. O-O-O Nd7 14. Kb1 $6
{An unnecessarily timid move.} (14. e3 c6 15. Bd3 Qb8 $11) 14... c6 15. e3 Qb8
16. Qxb8+ Rxb8 17. Bd3 Kg7 $6 (17... h5 18. Ng5 Kg7 $36) 18. h5 g5 19. Ne2 Be7
20. Ng3 Bd6 21. Nf5+ Bxf5 22. Bxf5 Nf6 $11 23. a3 Rhe8 24. Nd2 b6 25. g4 c5 26.
Rhe1 Re7 27. Ka2 Rbe8 (27... cxd4 28. exd4 Rbe8 29. Rxe7 Rxe7 30. Nb1 $1 $11)
28. dxc5 bxc5 29. Nf3 Rb7 30. Re2 Reb8 31. Rc2 Rb6 32. Rb1 c4 33. Nd2 (33. Nd4
$2 Bxa3 $1 {is the threat.}) 33... Bb4 $5 34. Rd1 Bxd2 $6 (34... Bd6 $11) 35.
Rdxd2 Rb3 36. Rd4 Kf8 37. Rcd2 Re8 38. Bc2 Rb6 39. Bf5 (39. b3 $6 Ne4) 39...
Re5 40. Bc2 Kg7 41. Re2 Re7 42. Bf5 Rb3 43. Bc2 Rb6 44. Bf5 Rb3 1/2-1/2

[Event "Continental op 45'"]
[Site "Los Angeles"]
[Date "2000.07.29"]
[Round "6"]
[White "Atalik, Suat"]
[Black "Shahade, Gregory P"]
[Result "1-0"]
[WhiteElo "2549"]
[BlackElo "2453"]
[Annotator "Atalik,S"]
[PlyCount "93"]
[EventDate "2000.07.24"]
[EventType "swiss"]
[EventRounds "9"]
[EventCountry "USA"]
[SourceTitle "CBM 078"]
[Source "ChessBase"]
[SourceDate "2000.10.18"]
[SourceVersion "1"]
[SourceVersionDate "2000.10.18"]
[SourceQuality "1"]

1. d4 Nf6 2. c4 g6 3. Nc3 d5 4. Nf3 Bg7 5. Bg5 {The old Grivas' line is
revisited.} Ne4 6. Bh4 Nxc3 7. bxc3 dxc4 8. Qa4+ Qd7 9. Qxc4 O-O $5 ({normal is
} 9... b6 10. e3 Ba6 11. Qb3 Bxf1 12. Kxf1 $13) {It was sort of difficult to
take advantage of blacks move order.} 10. Bg3 (10. Qb3 b6 11. e3 Nc6 12. Be2
Bb7 13. O-O) 10... Na6 $2 {Bizarre.} (10... Nc6 11. e3 b6 12. Rc1 $5 Bb7 13.
Qa4 Rad8 14. Ba6 $14 {was my idea.}) 11. e3 {Around here I started to burn my
time.Despite blacks' commitment with Na6 still he has a borderline Gruenfeldt
position.} c5 (11... b6 12. Be2 Bb7 13. O-O) 12. Be2 (12. Qb5 $1 Qxb5 13. Bxb5
cxd4 14. cxd4 Nc5 15. Bh4 $1 $18) 12... cxd4 (12... b6 13. O-O Bb7 14. a4 $1
cxd4 15. cxd4 Rac8 16. Qb5 $16) 13. cxd4 Qf5 $1 {The move I failed to see and
which forces me to castle due to Qa5.} 14. O-O Be6 15. Qa4 Rac8 (15... Bd5 $5 {
is a serious alternative.} 16. Rfc1 Rfc8 17. Rxc8+ (17. Bxa6 bxa6 18. Qxa6
Rxc1+ 19. Rxc1 Bxf3 20. gxf3 Qxf3 21. Rc6 (21. Qc6 Qxc6 22. Rxc6 a5 23. a4 e6
24. Bd6 Bf8 25. Bxf8 Kxf8 26. Rc5 $16) 21... h5 (21... g5 $6 22. Qb7 Rf8 23.
Rc7 Qd1+ 24. Kg2 h5 25. h3 (25. Qf3 $2 Qxf3+ 26. Kxf3 h4 $17) 25... h4 26. Bh2
g4 27. Rxe7 Qe2 28. Bg1 gxh3+ 29. Kxh3 Qxa2 30. Qf3 $40) 22. Qb7 (22. h4 $6 Bf6
23. Qb7 Rd8 24. Rc7 Qg4) 22... Rf8 23. Rc7 Qd1+ 24. Kg2 Bf6 25. h3 a5 $132) (
17. Ne5 Bxe5 18. Bxe5 Rxc1+ 19. Rxc1 Rc8 20. Rxc8+ Qxc8 21. h4 $14) 17... Qxc8
18. Qa3 Qe6 19. Rc1 $14) 16. Rfc1 Rxc1+ $2 (16... Bd5 17. Rxc8 Qxc8 (17... Rxc8
18. Bxa6 bxa6 19. Qxa6 Bxf3 20. gxf3 Bf6 21. Kg2 $18) 18. Qa3 Qe6 19. Rc1 $14
Bxa2 $140 $2 20. Ng5 Qb3 21. Qxb3 Bxb3 22. Rb1 Bd5 23. e4 $18) 17. Rxc1 Rc8 18.
Rxc8+ Bxc8 19. Qe8+ Bf8 20. Ne5 $18 Nc7 $6 {Greg made things easier for white.}
(20... Qb1+ $2 21. Bf1 Be6 22. d5 $18) (20... Be6 21. Bf4 (21. d5 Nc7 22. dxe6
Nxe8 23. exf7+ Qxf7 24. Nxf7 Kxf7 $14) (21. Bd3 Qh5 22. f3 $16) 21... f6 22.
Bd3 Qh5 23. g4 (23. Nd7 Bxd7 24. Qxd7 Qd1+ 25. Bf1) 23... Qh3 24. Bf1 Qh4 25.
Bg3 Qh6 26. Nd7 Bxa2 (26... Bxd7 27. Qxd7 $18) 27. Qc8 $1 $18) 21. Qd8 $1 (21.
Qxf7+ Qxf7 22. Nxf7 Kxf7 23. Bxc7 $18 {is simple,but why not to win a piece.})
21... Ne6 22. Qxc8 Nxd4 23. Qc4 Nxe2+ 24. Qxe2 Qb1+ 25. Qf1 Qxa2 26. h4 f6 27.
Nd7 $6 {Now it was my turn to throw the game into curvy lines.} (27. Qc4+ Qxc4
28. Nxc4 e5 29. Kf1 $18) 27... Qd5 28. Nxf8 Kxf8 29. Qa1 Qc5 30. f3 a5 {
Around here I rediscovered that Q+B do not collaborate well in positions like
this.} 31. Bf2 (31. Be1 b6 $1 $16 (31... Qxe3+ 32. Bf2 Qe5 (32... Qd2 $2 33.
Bb6 $18) 33. Qxe5 fxe5 34. Be1 (34. Bb6 $2 a4 35. Bc5 Kf7 36. Kf2 Ke6 37. Ke3
Kd5 38. Bxe7 Kc4 39. Kd2 e4 40. fxe4 Kd4 $11) 34... a4 35. Bb4 Kf7 36. Kf2 Ke6
37. Ke3 Kd5 38. Kd3 $18)) 31... Qb5 32. e4 a4 33. e5 $2 (33. Qa3 {This normal
move was winning easier than anything.} Qb1+ 34. Kh2 b5 35. Bc5 Kf7 36. Bxe7
Qe1 37. Qb4 $18) 33... fxe5 34. Bg3 Qc5+ 35. Kh1 $5 (35. Kh2 Qd4 (35... b5 36.
Qxe5 Qxe5 37. Bxe5 b4 38. Bd4 a3 39. Bc5 a2 40. Bd4 Kf7 41. Kg3 Ke6 42. Kf4 Kd5
43. Ke3 Kc4 44. Ba1 h5 45. g4 e6 46. g5 $18) 36. Qe1) 35... Qd4 36. Qe1 e4 37.
fxe4 $2 {Last flash of stupidity} (37. Qxe4 Qxe4 38. fxe4 b5 39. Be1 Kf7 40.
Kg1 Ke6 41. Kf2 $18) 37... a3 38. Qa5 Qa1+ 39. Kh2 a2 40. Qe5 Qxe5 $4 (40...
Qb1 41. Qh8+ Kf7 42. Qxh7+ Kf8 43. Be5 Qxe4 44. Qh8+ (44. Bg7+ Ke8 45. Qg8+ Kd7
46. Qxa2 Qxh4+ $11) 44... Kf7 45. Kh3 $14) 41. Bxe5 $18 Ke8 42. Kg3 Kd7 43. Kf4
h6 (43... Kc6 44. Kg5 Kc5 45. Kh6 Kc4 46. Kxh7 Kd3 47. Kxg6 Kxe4 48. Ba1 $18)
44. g4 b5 45. h5 gxh5 46. gxh5 Ke6 47. Bb2 1-0

[Event "Bled op 21st"]
[Site "Bled"]
[Date "2000.03.29"]
[Round "5"]
[White "Atalik, Suat"]
[Black "Rogulj, Branko"]
[Result "1-0"]
[WhiteElo "2575"]
[BlackElo "2437"]
[Annotator "Atalik,S"]
[PlyCount "81"]
[EventDate "2000.03.25"]
[EventType "swiss"]
[EventRounds "9"]
[EventCountry "SLO"]
[SourceTitle "EXT 2002"]
[Source "ChessBase"]
[SourceDate "2001.11.25"]
[SourceVersion "1"]
[SourceVersionDate "2001.11.25"]
[SourceQuality "1"]

1. d4 Nf6 2. c4 g6 3. Nc3 d5 4. Nf3 Bg7 5. Bg5 Ne4 6. Bh4 Nxc3 7. bxc3 c5 8.
cxd5 Qxd5 9. e3 cxd4 10. cxd4 Nc6 11. Be2 O-O 12. O-O b6 $6 (12... Bf5 $1 13.
Qb3 Qxb3 14. axb3 e5 15. d5 e4 16. dxc6 exf3 17. Bxf3 bxc6 $11) 13. Qb3 Qd6 (
13... Be6 14. Bb5 Qd6 (14... a6 $2 15. Qxd5 Bxd5 16. Bxc6 Bxc6 17. Bxe7 $18)
15. Bg3 $16) 14. Bg3 Qd8 (14... Qf6 15. Rac1) 15. Rfc1 Bb7 16. Qa3 Rc8 (16...
Qd7 17. Bb5 a6 18. Ba4 b5 19. Bb3) 17. Bb5 Na5 18. Rxc8 Bxc8 19. Bh4 (19. Rc1
Bb7 20. Rc7 e6 (20... Bxf3 21. gxf3 e5 22. Rd7 Qa8 23. dxe5 Qxf3 24. Qd6 (24.
e6 fxe6 25. Qe7 Qf6 26. Rxa7 $16) 24... Nb7 25. Qc6 Qxc6 26. Bxc6 Nc5 27. Rxa7
$16)) 19... Bf6 $1 (19... f6 20. Rc1 Bb7 21. Qa4 (21. Be2 $6 Qd7 (21... e6 22.
Qa4) 22. Bg3 Rc8 (22... Bc6 23. Qd3) 23. Rxc8+ Bxc8 24. e4 Bb7 25. Bd3 e6 $11)
21... Bxf3 22. gxf3 Qd5 23. Be2 $16) (19... Qd5 $5 20. Qb4 f6 21. Rc1 Bb7 22.
a4 e5 23. Qe7 Rf7 24. Qe8+ Rf8 25. Qd7 $14) 20. Bxf6 exf6 21. Be2 Bb7 $6 (21...
Be6 22. Nd2 f5 23. Qa4 $14) 22. Nd2 Qa8 (22... f5 23. Bf3) 23. Bf1 Rc8 24. Nb3
Nc6 (24... Nxb3 25. axb3 a6 (25... a5 26. b4 axb4 27. Qb2 $16) 26. Qe7 Kg7 27.
b4 (27. Bc4 Bd5)) (24... Nc4 25. Qe7 (25. Qb4 a5 26. Qe7 Kg7) 25... Kg7 26. Rc1
$16 (26. Nc5 $2 bxc5 27. Bxc4 Bd5 $11)) 25. h3 $6 (25. Rc1 Rd8 (25... Nd8 $2
26. Rxc8 Bxc8 27. Qe7 $18) (25... Qb8 26. d5) 26. Nd2 $16) 25... Kg7 (25... Nd8
26. Rc1 (26. Qe7 $6 Kg7 27. a4 Bd5 28. Nc1 Nc6 29. Qd6 Na5) (26. Nc1 Ne6 27.
Ne2 Rc2 28. Rc1 $14) (26. Rd1 Ne6)) 26. Rc1 Nd8 (26... Qb8 27. d5 Ne5 28. Rd1
$16 (28. Rxc8 Qxc8 29. e4 $1 $16 (29. Qxa7 $6 Bxd5 30. Qxb6 Qc2 31. Qb5 Be6 32.
Qa4 Qb1 $14))) 27. Rxc8 Bxc8 28. Qd6 Bb7 (28... Be6 29. e4 Nb7 (29... Bxb3 $6
30. axb3 Ne6 31. d5 Nc5 32. e5 fxe5 (32... Ne4 33. Qc6) 33. Qxe5+ Kg8 34. d6 a5
35. Qe7 $18) 30. Qe7 $16) 29. f3 Qc8 $6 (29... Ne6 30. e4 (30. Bc4 Qc8) 30...
Qf8 31. Qd7 Qc8 32. Qxc8 Bxc8 33. Kf2 $16) (29... f5 $1 30. Qe5+) 30. d5 Ba8 (
30... Qc3 31. e4 $1 (31. Qxd8 $2 Qxe3+ 32. Kh2 Qe5+ (32... Qf4+ 33. Kh1) 33. g3
Qb2+ 34. Kg1 Qxa2 35. Nd4 Bxd5 $44) (31. Kf2 $2 Qc2+ 32. Be2 Qxa2) 31... Qe3+
32. Kh2 Qf2 33. Qxd8 Qxf1 34. Qc7 $18) 31. Nd4 (31. e4 Nb7 32. Qe7 Qf8 (32...
Qd8 33. Qa3 a5 34. Bb5 Nd6 35. Nd4 $16)) 31... Nb7 32. Qe7 Kg8 33. Nc6 $5 (33.
d6 Qf8 34. Nb5 Nc5 35. Nxa7 $16) (33. Qxf6 Qc5 34. e4 Nd6 35. Kh2 $18) 33...
Kg7 34. Nd4 (34. Nxa7 Qd8) 34... Nc5 (34... Kg8 35. d6) 35. Bc4 $6 (35. d6 Qf8
36. Qxa7 $18) 35... Qd7 $2 (35... Bb7 36. d6 Qf8 37. e4 a6 38. Qc7) 36. Ne6+
$18 Kh6 (36... Nxe6 37. Qxd7) 37. Qf8+ Kh5 38. g4+ Kh4 39. Qh6+ Kg3 40. Qf4+
Kh4 41. g5+ (41. g5+ Kh5 42. Ng7#) 1-0

[Event "ROM-chT"]
[Site "Sovata"]
[Date "2000.04.17"]
[Round "5"]
[White "Dumitrache, Dragos Nicolae"]
[Black "Atalik, Suat"]
[Result "0-1"]
[WhiteElo "2420"]
[BlackElo "2575"]
[Annotator "Atalik,S"]
[PlyCount "106"]
[EventDate "2000.04.13"]
[EventType "team"]
[EventRounds "5"]
[EventCountry "ROU"]
[SourceTitle "EXT 2003"]
[Source "ChessBase"]
[SourceDate "2002.11.25"]
[SourceVersion "1"]
[SourceVersionDate "2002.11.25"]
[SourceQuality "1"]

1. d4 Nf6 2. Nf3 g6 3. c4 Bg7 4. Nc3 d5 5. Bg5 Ne4 6. cxd5 {A toothless
continuation.} Nxg5 7. Nxg5 e6 8. Nf3 exd5 9. b4 Qd6 10. a3 (10. Qb3 $6 Nc6 $1
11. e3 Qxb4 12. Qxb4 Nxb4 13. Rb1 Bf8 $1 14. Kd2 (14. a3 Nc2+ 15. Kd1 Nxa3 16.
Nxd5 c6 $19) 14... Bf5 15. Rb3 O-O-O $17) 10... O-O 11. e3 a5 12. b5 c5 $1 13.
Be2 $6 (13. bxc6 bxc6 14. Bd3 (14. Na4 Bg4 15. Be2 Nd7) (14. Be2 Bf5 15. O-O
Nd7) 14... Bg4 15. h3 Bxf3 16. Qxf3 Nd7 17. O-O Rab8) 13... Be6 (13... c4 $6
14. e4 dxe4 15. Nxe4 Qe7 16. Nc3 Rd8 17. O-O Bg4 18. Re1 Qc7 19. Qd2 $40) 14.
O-O Nd7 15. Na4 $6 (15. dxc5 Nxc5 16. Nd4 a4 $36) 15... Rfc8 (15... b6 16. dxc5
bxc5 17. Rb1 Nb6 $17) 16. Qb3 (16. dxc5 Nxc5 17. Nd4 Ne4 $40) 16... b6 17. Rfd1
h6 18. Ra2 c4 19. Qb2 g5 $17 20. Qb1 f5 21. Nc3 Rf8 22. a4 Rae8 23. Rad2 Nf6 $1
24. Ne5 Ne4 25. Nxe4 fxe4 26. Bh5 Rc8 27. Ng4 Qb4 $1 28. Qa2 c3 29. Rc2 Rc4 30.
Ra1 Bf7 $1 31. Bxf7+ Rxf7 32. h3 h5 33. Nh2 (33. Ne5 $2 Bxe5 34. dxe5 Qe7 $19)
33... Bf8 34. Nf1 Bd6 35. Kh1 Kg7 36. Kg1 Kg6 37. Kh1 Bb8 (37... g4 38. Nh2 (
38. hxg4 hxg4 $19) 38... gxh3 39. gxh3 Kh7 $19) 38. Kg1 g4 39. h4 (39. hxg4
hxg4 40. Nh2 Bxh2+ 41. Kxh2 Rh7+ 42. Kg1 Qd6 43. g3 (43. Qa3 Qh2+ 44. Kf1 Rf7
45. Re1 Rb4 $19) 43... Kg5 44. Kf1 Qf6 $19) 39... Bd6 $19 40. g3 Rfc7 41. Kg2
Be7 42. Nh2 Qd6 43. Nf1 Kf5 44. Nh2 Ke6 45. Nf1 Qd8 46. Kg1 Qc8 $1 47. Qb1 Rb4
48. Qc1 Rb3 49. Raa2 Rc4 50. Qd1 Ra3 51. Rxa3 Bxa3 52. Qa1 Bb2 53. Qa2 Qf8 $1 (
53... Qf8 $1 54. Nh2 Qa3 $19) 0-1

[Event "Kazan clock sim"]
[Site "Kazan"]
[Date "2013.03.27"]
[Round "1.2"]
[White "Faizrakhmanov, Robert"]
[Black "Atalik, Suat"]
[Result "1/2-1/2"]
[WhiteElo "2300"]
[BlackElo "2600"]
[Annotator "Atalik,S"]
[PlyCount "52"]
[EventDate "2013.03.27"]
[EventType "simul"]
[EventRounds "1"]
[EventCountry "RUS"]
[SourceTitle "EXT 2014"]
[Source "ChessBase"]
[SourceDate "2013.11.20"]
[SourceVersion "1"]
[SourceVersionDate "2013.11.20"]
[SourceQuality "1"]

1. d4 Nf6 2. c4 g6 3. Nc3 d5 4. Nf3 (4. Bg5 Bg7 $5 (4... dxc4 $5 {Sokolov} 5.
e3 (5. e4 Nc6 6. d5 Ne5 7. f4 Nd3+ 8. Bxd3 cxd3 9. Qxd3 c6 $132) 5... Be6 6.
Nge2 {Aripov-Atalik,St.Louis 2013.}) 5. Bxf6 Bxf6 6. cxd5 c5 $1 7. dxc5 Nd7 8.
e3 Qa5 $44 {Rajkovic-Atalik,Obrenovac 2012.}) 4... Bg7 5. Bg5 dxc4 $5 {I
prefer this} ({to} 5... Ne4 6. Bf4 $5 (6. Bh4)) 6. e3 {A shy move!} (6. Qa4+ $6
{Grivas} c6 7. Qxc4 O-O $36) (6. e4) 6... Be6 7. Ne5 $6 (7. Nd2 $142 c5 (7...
Nd5 8. Nce4 $5) 8. dxc5 Nd5 9. Bxc4 Nxc3 10. bxc3 Bxc4 11. Qa4+ Nd7 12. Qxc4
Rc8 $40) 7... c5 $2 {A bad mistake allowing White to equalise.} (7... Nd5 $142
$1 8. Nxc4 (8. Bxc4 $2 Nxc3 9. bxc3 Bxc4 10. Nxc4 Qd5 $17) 8... c5 9. Ne4 cxd4
10. Ncd6+ Kf8 11. Nxb7 Qb6 12. Nbc5 h6 13. Bh4 Nd7 $17) 8. Bxc4 Bxc4 9. Nxc4
cxd4 10. exd4 O-O 11. O-O Nc6 12. d5 Na5 (12... Nb4 13. Ne3) 13. Nxa5 $5 (13.
Ne3 a6 $13) 13... Qxa5 14. Qb3 Rfd8 15. Qxb7 $1 (15. Rad1 Rd7) 15... Nxd5 ({
I should have at least tried} 15... Rab8 $142 16. Qxe7 Nxd5 17. Qe4 Nf6 18. Qf4
Rb4 19. Qc1 Rdb8 $44) 16. Nxd5 Qxd5 17. Qxd5 Rxd5 18. Bxe7 Bxb2 19. Rad1 $11
Rxd1 (19... Ra5 20. Rd2 Rb8) 20. Rxd1 Re8 21. Rd8 Rxd8 22. Bxd8 f5 23. Kf1 Kf7
24. Ke2 Ke6 25. Kd3 Kd5 26. Bg5 a6 1/2-1/2